[Event "GER Seniors Derby 03rd"]
[Site "Undeloh"]
[Date "2004.04.16"]
[Round "3"]
[White "Knippschild, Rainer"]
[Black "Krebs, Dietmar"]
[Result "0-1"]
[WhiteElo "1507"]
[BlackElo "1955"]
[PlyCount "80"]
[EventDate "2004.04.15"]
[EventType "swiss"]
[EventRounds "7"]
[EventCountry "GER"]
[SourceTitle "EXT 2006"]
[Source "ChessBase"]
[SourceDate "2005.11.24"]
[SourceVersion "1"]
[SourceVersionDate "2005.11.24"]
[SourceQuality "1"]

1. d4 Nf6 2. c4 g6 3. Nc3 Bg7 4. Nf3 0-0 5. e4 d6 6. Be2 Nbd7 7. 0-0 e5 8. d5 Nc5 9. Qc2 a5 10. Bg5 h6 11. Bxf6 Qxf6 12. a3 a4 13. Rab1 Qe7 14. Nd2 f5 15. f3 Bf6 16. b4 axb3 17. Nxb3 Bg5 18. Nxc5 Be3+ 19. Kh1 Bxc5 20. a4 b6 21. Rfd1 Bd7 22. Nb5 Bxb5 23. axb5 Bd4 24. Bd3 f4 25. Qe2 Qg5 26. Qe1 Ra2 27. Bf1 Rfa8 28. Rd2 R2a3 29. Qd1 h5 30. Rb3 Ra1 31. Qe2 Qh4 32. Rd1 Rxd1 33. Qxd1 Qf2 34. Bd3 Ra2 35. Qf1 Qxf1+ 36. Bxf1 Ra1 37. g3 Rxf1+ 38. Kg2 Rf2+ 39. Kh3 Be3 40. gxf4 Bxf4 0-1